000 00663nam a22002057a 4500
999 _c16102
_d16102
003 AR-CdUCM
008 190502b ||||| |||| 00| 0 spa d
040 _aMUNICIPALIDAD PROVINCIAL DEL CUSCO
_cBIBLIOTECA MUNICIPAL DEL CUSCO
082 _24ed.
_a990.903 /
_bK29
100 _aKazantzakis, Nikos
_935379
245 _aCristo de nuevo crucificado /
260 _aBuenos Aires :
_bCarlos Lohlé,
_c1954.
300 _a447 páginas ;
_c19 cm.
505 _aContenido: Novela
650 _aNovelas griegas
_935380
650 _aSiglo XX.
_98
700 _aIzquierdo Hernández, José Luis de (traductor)
_935381
942 _2ddc
_cLIBROS
945 _aacv
_d2019-05-02